[Event "Titled Tuesday intern op 16th May Early"]
[Site "Chess.com INT"]
[Date "2023.05.16"]
[Round "5"]
[White "Sargissyan, Sargis"]
[Black "Flis, Pawel"]
[Result "1/2-1/2"]
[WhiteElo "2234"]
[BlackElo "1879"]
[PlyCount "54"]
[EventDate "2023.05.16"]
[EventType "swiss (blitz)"]
[EventRounds "11"]
[EventCountry "USA"]
[SourceTitle "CBM 214 Extra"]
[Source "ChessBase"]
[SourceDate "2023.07.31"]
[SourceVersion "1"]
[SourceVersionDate "2023.07.31"]
[SourceQuality "1"]

1. e4 c5 2. Nc3 d6 3. d4 cxd4 4. Qxd4 Nc6 5. Qd2 g6 6. b3 Bh6 7. f4 e5 8. Nd5 Be6 9. Ne2 Bxd5 10. exd5 Nce7 11. Bb2 Nf6 12. c4 0-0 13. Qc3 Ne4 14. Qb4 Nf5 15. Ng3 Qh4 16. 0-0-0 Nfxg3 17. hxg3 Qxh1 18. Kb1 Qh2 19. fxe5 dxe5 20. Bxe5 Rfe8 21. Bb2 Qxg3 22. Bd3 Nf2 23. Qc3 Qe5 24. Qc2 Qe3 25. Qc3 Qe5 26. Qc2 Qe3 27. Qc3 Qe5 1/2-1/2

[Event "Titled Tuesday intern op 09th May Early"]
[Site "Chess.com INT"]
[Date "2023.05.09"]
[Round "7"]
[White "Carrasco Miranda, Andres"]
[Black "Flis, Pawel"]
[Result "1-0"]
[WhiteElo "2240"]
[BlackElo "1879"]
[PlyCount "63"]
[EventDate "2023.05.09"]
[EventType "swiss (blitz)"]
[EventRounds "11"]
[EventCountry "USA"]
[SourceTitle "CBM 214 Extra"]
[Source "ChessBase"]
[SourceDate "2023.07.31"]
[SourceVersion "1"]
[SourceVersionDate "2023.07.31"]
[SourceQuality "1"]

1. d4 c5 2. d5 Nf6 3. c4 b5 4. cxb5 a6 5. bxa6 Bxa6 6. Nc3 g6 7. e4 Bxf1 8. Kxf1 d6 9. g3 Bg7 10. Kg2 0-0 11. Nf3 Nbd7 12. a4 Ra6 13. Ra3 e6 14. dxe6 fxe6 15. Re1 Qa8 16. Kg1 Ng4 17. Bf4 Nde5 18. Nxe5 Nxe5 19. Nb5 Qc6 20. Bxe5 Bxe5 21. b3 d5 22. exd5 exd5 23. Rxe5 Qf6 24. Re2 d4 25. Raa2 Rf7 26. Rac2 Qc6 27. Re5 Rf3 28. Nxd4 Qd6 29. Qxf3 Qxe5 30. Re2 Qxd4 31. Re8+ Kg7 32. Qf8# 1-0

[Event "Titled Tuesday intern op 09th May Early"]
[Site "Chess.com INT"]
[Date "2023.05.09"]
[Round "8"]
[White "Flis, Pawel"]
[Black "Nugumanov, Bakhtiyar"]
[Result "1-0"]
[WhiteElo "1879"]
[BlackElo "2316"]
[PlyCount "59"]
[EventDate "2023.05.09"]
[EventType "swiss (blitz)"]
[EventRounds "11"]
[EventCountry "USA"]
[SourceTitle "CBM 214 Extra"]
[Source "ChessBase"]
[SourceDate "2023.07.31"]
[SourceVersion "1"]
[SourceVersionDate "2023.07.31"]
[SourceQuality "1"]

1. e4 e6 2. d4 d5 3. Bd3 dxe4 4. Bxe4 Nf6 5. Bf3 c5 6. Ne2 Be7 7. Be3 0-0 8. dxc5 Qc7 9. 0-0 Nbd7 10. c6 Ne5 11. Nd4 Nxf3+ 12. Qxf3 Nd5 13. Nc3 bxc6 14. Ne4 Bb7 15. c4 Nxe3 16. Qxe3 c5 17. Nf3 Qc6 18. Ng3 Bf6 19. Rab1 Rad8 20. b3 g6 21. Rbd1 Rd4 22. Rxd4 cxd4 23. Qf4 e5 24. Qg4 e4 25. Ng5 Bxg5 26. Qxg5 f5 27. Nh5 Kh8 28. Nf4 d3 29. Nd5 Qe6 30. Qh6 1-0

[Event "Titled Tuesday intern op 09th May Early"]
[Site "Chess.com INT"]
[Date "2023.05.09"]
[Round "9"]
[White "Kuchava, Ana"]
[Black "Flis, Pawel"]
[Result "1-0"]
[WhiteElo "2101"]
[BlackElo "1879"]
[PlyCount "77"]
[EventDate "2023.05.09"]
[EventType "swiss (blitz)"]
[EventRounds "11"]
[EventCountry "USA"]
[SourceTitle "CBM 214 Extra"]
[Source "ChessBase"]
[SourceDate "2023.07.31"]
[SourceVersion "1"]
[SourceVersionDate "2023.07.31"]
[SourceQuality "1"]

1. d4 Nf6 2. Nf3 c5 3. d5 g6 4. c4 b5 5. cxb5 a6 6. b6 Qxb6 7. Nc3 Bg7 8. e4 d6 9. Be2 0-0 10. 0-0 Bg4 11. Nd2 Bxe2 12. Qxe2 Nbd7 13. Nc4 Qb4 14. Bd2 Nb6 15. Nxb6 Qxb6 16. Rab1 Nd7 17. b3 a5 18. a4 Qa6 19. Nb5 c4 20. Nc7 Qc8 21. Nxa8 Qxa8 22. Qxc4 Nc5 23. Be3 Rc8 24. Rfc1 Qb7 25. Qb5 Qa8 26. Bxc5 dxc5 27. Rxc5 Rxc5 28. Qxc5 h5 29. Rc1 Kh7 30. Qxe7 Qa6 31. d6 Qd3 32. d7 Qd2 33. Rf1 Bd4 34. Qxf7+ Kh6 35. Qf8+ Kh7 36. d8Q Bxf2+ 37. Rxf2 Qe1+ 38. Rf1 Qe3+ 39. Kh1 1-0